| 000 | 00363nam a2200145Ia 4500 | ||
|---|---|---|---|
| 008 | 230917s9999||||xx |||||||||||||| ||und|| | ||
| 040 |
_e51564 _aMAIN |
||
| 041 | _aEnglish | ||
| 082 | _a412 C454L | ||
| 100 | _aChomsky, Noam | ||
| 245 | 0 | _aLanguage and responsibility | |
| 260 |
_aGreat Britain _bHarvester Press _c1979 |
||
| 300 | _aviii, 212 p. | ||
| 942 | _cBK | ||
| 999 |
_c199559 _d199559 |
||